Paroles : Beurre de Marrakech - Ledé Markson - Statistiques

Statistiques générales
  • Ce quiz a été pris 27 fois
  • Le résultat moyen est 327 sur 556
Statistiques - réponses
Réponse % Correct
je
92%
Je
92%
le
92%
Le
92%
à
85%
a
85%
Ca
85%
de
85%
ma
85%
pas
85%
Pas
85%
que
85%
Que
85%
ta
85%
Ta
85%
te
85%
va
85%
beurre
77%
Crois
77%
juger
77%
la
77%
La
77%
me
77%
mes
77%
mon
77%
par
77%
Par
77%
vais
77%
Ce
69%
ce
69%
J'ai
69%
j'ai
69%
l'agent,
69%
les
69%
Marrakech
69%
monsieur
69%
Non
69%
n'porte
69%
ou
69%
Ou
69%
porte
69%
tu
69%
Tu
69%
blessures
62%
bouteille
62%
caisse
62%
Cette
62%
cité
62%
dans
62%
des
62%
dès
62%
deux
62%
drogue,
62%
fin
62%
({huh})
62%
j'suis
62%
J'suis
62%
jure
62%
j'vous
62%
mal
62%
on
62%
On
62%
potes
62%
Si
62%
soigner
62%
sont
62%
t'es
62%
T'es
62%
trois
62%
vous
62%
Y
62%
y
62%
ardente,
54%
avec
54%
Avec
54%
besoin
54%
c'est
54%
C'est
54%
coupures?
54%
cuisto,
54%
d'alcool
54%
donc
54%
Donc
54%
du
54%
east
54%
en
54%
est
54%
Est-ce
54%
et
54%
faire
54%
fais
54%
idées
54%
joufflue?
54%
j'vais
54%
J'viens
54%
kilo
54%
l'aise
54%
mettre
54%
Moi
54%
moi
54%
moyen
54%
ne
54%
Obispo,
54%
petite
54%
portes,
54%
pour
54%
qu'il
54%
Salamèche
54%
sapes
54%
sert
54%
soudoyer
54%
tête
54%
tête,
54%
toi
54%
ton
54%
Ton
54%
un
54%
une
54%
veux
54%
X,
54%
abstraites
46%
bacs
46%
Ben
46%
bien
46%
bistrots,
46%
bon
46%
captes
46%
dalle
46%
Damien,
46%
Delta.
46%
dis?
46%
d'la
46%
d'orgasme
46%
Enfin
46%
Fnac
46%
Grec,
46%
46%
hip
46%
hop
46%
j'te
46%
J'te
46%
juste
46%
lancer
46%
meuf
46%
milieu
46%
monde
46%
oral,
46%
ouai
46%
ouais,
46%
paroles
46%
plein
46%
prêtes
46%
pure?
46%
putain
46%
qu'est-ce
46%
sexe
46%
soit,
46%
t'en
46%
tenir
46%
toujours
46%
tour
46%
tout
46%
traite
46%
traître
46%
Turc
46%
12
38%
13
38%
actes
38%
album
38%
aztèque
38%
baise
38%
ben
38%
bientôt
38%
bonhomme
38%
casse-tête
38%
chansons
38%
chill
38%
coast
38%
conscient,
38%
désintox
38%
dette
38%
dispo,
38%
d'une
38%
écoutant
38%
excuse
38%
feat
38%
fini
38%
flow
38%
handicap
38%
illico
38%
J'bois
38%
j'dirais
38%
J'dirais
38%
main
38%
maladresse
38%
même
38%
mêmes
38%
mets
38%
mic',
38%
Oublie
38%
parle
38%
parles
38%
pars
38%
partage
38%
penses
38%
petites
38%
Pire
38%
pomme
38%
pratiques
38%
qu'un
38%
rap?
38%
rarement
38%
repentir
38%
retraite,
38%
sens
38%
simplement
38%
Sois
38%
s'tapera
38%
steak
38%
sur
38%
tue
38%
vendredi
38%
verre
38%
violence
38%
vodka
38%
amie
31%
aps,
31%
baigne
31%
botox
31%
came
31%
Car
31%
continues
31%
d'aller
31%
daube
31%
dèche
31%
demande
31%
dildo
31%
dread
31%
dynamite
31%
feras
31%
j'prends
31%
j'squatte
31%
lent
31%
oim
31%
paieras
31%
pataquès
31%
pépère
31%
Plane
31%
preuve
31%
question
31%
qu'une
31%
remplacer
31%
sera
31%
stress,
31%
trêve,
31%
xanax
31%
boite
23%
Dead
23%
d'endurance
23%
fix
23%
J'espère
23%
J'ferai
23%
l'amende
23%
quatre
23%
schneks
23%
tape,
23%
temps
23%
t'inquiètes
23%
consommes
15%
crève
15%
crois-moi
15%
graisse
15%
lâcher
15%
Prez
15%
consens,
8%
peut-être
8%
comparais
0%
Aucun quiz correspondant
Distribution des résultats
% des personnes avec chaque résultat
Percentile par nombre de réponses
Votre historique - résultats
Vous n’avez pas pris ce quiz